<?xml version="1.0" encoding="UTF-8"?>
<record
    xmlns:xsi="http://www.w3.org/2001/XMLSchema-instance"
    xsi:schemaLocation="http://www.loc.gov/MARC21/slim http://www.loc.gov/standards/marcxml/schema/MARC21slim.xsd"
    xmlns="http://www.loc.gov/MARC21/slim">

  <leader>00485nam a22001577a 4500</leader>
  <controlfield tag="003">OSt</controlfield>
  <controlfield tag="005">20151001095551.0</controlfield>
  <controlfield tag="008">151001b        xxu||||| |||| 00| 0 eng d</controlfield>
  <datafield tag="040" ind1=" " ind2=" ">
    <subfield code="c">RUA </subfield>
  </datafield>
  <datafield tag="082" ind1=" " ind2=" ">
    <subfield code="a">AVM &#x1780;&#x17B6;&#x1793;&#x17CB; 1993 B067 Or.1</subfield>
  </datafield>
  <datafield tag="100" ind1=" " ind2=" ">
    <subfield code="9">1652</subfield>
    <subfield code="a">&#x1780;&#x17B6;&#x1793;&#x17CB; &#x1795;&#x17B6;&#x1793;&#x17CB;&#x178E;&#x17B6;&#x179A;&#x17C9;&#x17B6;&#x200B;</subfield>
  </datafield>
  <datafield tag="245" ind1=" " ind2=" ">
    <subfield code="a">&#x1787;&#x1784;&#x17BA;&#x179A;&#x179B;&#x17B6;&#x1780;&#x1780;&#x17D2;&#x179A;&#x1796;&#x17C7;_&#x1796;&#x17C4;&#x17C7;&#x179C;&#x17C0;&#x1793;&#x179F;&#x178F;&#x17D2;&#x179C;&#x1787;&#x17D2;&#x179A;&#x17BC;&#x1780;,</subfield>
  </datafield>
  <datafield tag="260" ind1=" " ind2=" ">
    <subfield code="a">phnom penh </subfield>
    <subfield code="b">RUA </subfield>
    <subfield code="c">1993</subfield>
  </datafield>
  <datafield tag="300" ind1=" " ind2=" ">
    <subfield code="a">56p.</subfield>
    <subfield code="b">ill.</subfield>
    <subfield code="c">29cm.</subfield>
  </datafield>
  <datafield tag="942" ind1=" " ind2=" ">
    <subfield code="2">ddc</subfield>
    <subfield code="c">AVM</subfield>
  </datafield>
  <datafield tag="999" ind1=" " ind2=" ">
    <subfield code="c">1560</subfield>
    <subfield code="d">1560</subfield>
  </datafield>
  <datafield tag="952" ind1=" " ind2=" ">
    <subfield code="0">0</subfield>
    <subfield code="1">0</subfield>
    <subfield code="2">ddc</subfield>
    <subfield code="4">0</subfield>
    <subfield code="6">AVM_&#x1780;&#x17B6;&#x1793;_1993_000000000000000_B067_OR_1</subfield>
    <subfield code="7">0</subfield>
    <subfield code="9">6988</subfield>
    <subfield code="a">LBB</subfield>
    <subfield code="b">LBB</subfield>
    <subfield code="c">B067</subfield>
    <subfield code="d">2015-10-01</subfield>
    <subfield code="o">AVM &#x1780;&#x17B6;&#x1793;&#x17CB; 1993 B067 Or.1</subfield>
    <subfield code="p">RUA007491</subfield>
    <subfield code="r">2015-10-01</subfield>
    <subfield code="w">2015-10-01</subfield>
    <subfield code="y">AVM</subfield>
  </datafield>
  <datafield tag="952" ind1=" " ind2=" ">
    <subfield code="0">0</subfield>
    <subfield code="1">0</subfield>
    <subfield code="2">ddc</subfield>
    <subfield code="4">0</subfield>
    <subfield code="6">AVM_&#x1780;&#x17B6;&#x1793;_1993_000000000000000_B067_OR_2</subfield>
    <subfield code="7">0</subfield>
    <subfield code="9">6989</subfield>
    <subfield code="a">LBB</subfield>
    <subfield code="b">LBB</subfield>
    <subfield code="c">B067</subfield>
    <subfield code="d">2015-10-01</subfield>
    <subfield code="l">2</subfield>
    <subfield code="o">AVM &#x1780;&#x17B6;&#x1793;&#x17CB; 1993 B067 Or.2</subfield>
    <subfield code="p">RUA007017</subfield>
    <subfield code="r">2018-10-01</subfield>
    <subfield code="s">2018-09-18</subfield>
    <subfield code="w">2015-10-01</subfield>
    <subfield code="y">AVM</subfield>
  </datafield>
  <datafield tag="952" ind1=" " ind2=" ">
    <subfield code="0">0</subfield>
    <subfield code="1">0</subfield>
    <subfield code="2">ddc</subfield>
    <subfield code="4">0</subfield>
    <subfield code="6">AVM_&#x1780;&#x17B6;&#x1793;_1993_000000000000000_B067_OR_3</subfield>
    <subfield code="7">0</subfield>
    <subfield code="9">6990</subfield>
    <subfield code="a">LBB</subfield>
    <subfield code="b">LBB</subfield>
    <subfield code="c">B067</subfield>
    <subfield code="d">2015-10-01</subfield>
    <subfield code="o">AVM &#x1780;&#x17B6;&#x1793;&#x17CB; 1993 B067 Or.3</subfield>
    <subfield code="p">RUA007472</subfield>
    <subfield code="r">2015-10-01</subfield>
    <subfield code="w">2015-10-01</subfield>
    <subfield code="y">AVM</subfield>
  </datafield>
  <datafield tag="952" ind1=" " ind2=" ">
    <subfield code="0">0</subfield>
    <subfield code="1">0</subfield>
    <subfield code="2">ddc</subfield>
    <subfield code="4">0</subfield>
    <subfield code="6">AVM_&#x1780;&#x17B6;&#x1793;_1993_000000000000000_B067_OR_4</subfield>
    <subfield code="7">0</subfield>
    <subfield code="9">6991</subfield>
    <subfield code="a">LBB</subfield>
    <subfield code="b">LBB</subfield>
    <subfield code="c">B067</subfield>
    <subfield code="d">2015-10-01</subfield>
    <subfield code="o">AVM &#x1780;&#x17B6;&#x1793;&#x17CB; 1993 B067 Or.4</subfield>
    <subfield code="p">RUA007400</subfield>
    <subfield code="r">2015-10-01</subfield>
    <subfield code="w">2015-10-01</subfield>
    <subfield code="y">AVM</subfield>
  </datafield>
  <datafield tag="952" ind1=" " ind2=" ">
    <subfield code="0">0</subfield>
    <subfield code="1">0</subfield>
    <subfield code="2">ddc</subfield>
    <subfield code="4">0</subfield>
    <subfield code="6">AVM_&#x1780;&#x17B6;&#x1793;_1993_000000000000000_B067_OR_5</subfield>
    <subfield code="7">0</subfield>
    <subfield code="9">6992</subfield>
    <subfield code="a">LBB</subfield>
    <subfield code="b">LBB</subfield>
    <subfield code="c">B067</subfield>
    <subfield code="d">2015-10-01</subfield>
    <subfield code="o">AVM &#x1780;&#x17B6;&#x1793;&#x17CB; 1993 B067 Or.5</subfield>
    <subfield code="p">RUA007457</subfield>
    <subfield code="r">2015-10-01</subfield>
    <subfield code="w">2015-10-01</subfield>
    <subfield code="y">AVM</subfield>
  </datafield>
  <datafield tag="952" ind1=" " ind2=" ">
    <subfield code="0">0</subfield>
    <subfield code="1">0</subfield>
    <subfield code="2">ddc</subfield>
    <subfield code="4">0</subfield>
    <subfield code="6">AVM_&#x1780;&#x17B6;&#x1793;_1993_000000000000000_B067_OR_6</subfield>
    <subfield code="7">0</subfield>
    <subfield code="9">6993</subfield>
    <subfield code="a">LBB</subfield>
    <subfield code="b">LBB</subfield>
    <subfield code="c">B067</subfield>
    <subfield code="d">2015-10-01</subfield>
    <subfield code="o">AVM &#x1780;&#x17B6;&#x1793;&#x17CB; 1993 B067 Or.6</subfield>
    <subfield code="p">RUA007524</subfield>
    <subfield code="r">2015-10-01</subfield>
    <subfield code="w">2015-10-01</subfield>
    <subfield code="y">AVM</subfield>
  </datafield>
  <datafield tag="952" ind1=" " ind2=" ">
    <subfield code="0">0</subfield>
    <subfield code="1">0</subfield>
    <subfield code="2">ddc</subfield>
    <subfield code="4">0</subfield>
    <subfield code="6">AVM_&#x1780;&#x17B6;&#x1793;_1993_000000000000000_B067_OR_7</subfield>
    <subfield code="7">0</subfield>
    <subfield code="9">6994</subfield>
    <subfield code="a">LBB</subfield>
    <subfield code="b">LBB</subfield>
    <subfield code="c">B067</subfield>
    <subfield code="d">2015-10-01</subfield>
    <subfield code="o">AVM &#x1780;&#x17B6;&#x1793;&#x17CB; 1993 B067 Or.7</subfield>
    <subfield code="p">RUA008364</subfield>
    <subfield code="r">2015-10-01</subfield>
    <subfield code="w">2015-10-01</subfield>
    <subfield code="y">AVM</subfield>
  </datafield>
  <datafield tag="952" ind1=" " ind2=" ">
    <subfield code="0">0</subfield>
    <subfield code="1">0</subfield>
    <subfield code="2">ddc</subfield>
    <subfield code="4">0</subfield>
    <subfield code="6">AVM_&#x1780;&#x17B6;&#x1793;_1993_000000000000000_B067_OR_8</subfield>
    <subfield code="7">0</subfield>
    <subfield code="9">6995</subfield>
    <subfield code="a">LBB</subfield>
    <subfield code="b">LBB</subfield>
    <subfield code="c">B067</subfield>
    <subfield code="d">2015-10-01</subfield>
    <subfield code="o">AVM &#x1780;&#x17B6;&#x1793;&#x17CB; 1993 B067 Or.8</subfield>
    <subfield code="p">RUA007233</subfield>
    <subfield code="r">2015-10-01</subfield>
    <subfield code="w">2015-10-01</subfield>
    <subfield code="y">AVM</subfield>
  </datafield>
  <datafield tag="952" ind1=" " ind2=" ">
    <subfield code="0">0</subfield>
    <subfield code="1">0</subfield>
    <subfield code="2">ddc</subfield>
    <subfield code="4">0</subfield>
    <subfield code="6">AVM_&#x1780;&#x17B6;&#x1793;_1993_000000000000000_B067_OR_9</subfield>
    <subfield code="7">0</subfield>
    <subfield code="9">6996</subfield>
    <subfield code="a">LBB</subfield>
    <subfield code="b">LBB</subfield>
    <subfield code="c">B067</subfield>
    <subfield code="d">2015-10-01</subfield>
    <subfield code="o">AVM &#x1780;&#x17B6;&#x1793;&#x17CB; 1993 B067 Or.9</subfield>
    <subfield code="p">RUA008089</subfield>
    <subfield code="r">2015-10-01</subfield>
    <subfield code="w">2015-10-01</subfield>
    <subfield code="y">AVM</subfield>
  </datafield>
</record>
